000 00436nam a2200181Ia 4500
001 10042
005 20260306161802.0
008 260306t1998||||xx |||||||||||||| ||spa||
041 _aESP
082 _aPE 869.569
_bV23
100 _aVallejo, César, 1892-1938
_eAUT
245 0 _aNovelas y cuentos completos
260 _c1998
300 _a425 páginas :
_c21 cm.
650 _aGEN
654 _aCHU
942 _cLIB
_dJUS
_fJUS
_2ddc
_n
999 _c10042
_d10042